| 000 | 00612ntm a2200145 i 4500 | ||
|---|---|---|---|
| 001 | 189632 | ||
| 003 | ES-MaACL | ||
| 005 | 20230906223522.0 | ||
| 008 | 190708d17001800sp |||| | spa d | ||
| 245 | 0 | 1 |
_a[Breve descripción de rios de España, tomada de escritores clásicos] [ _hManuscrito]. |
| 260 |
_a[S.l. : _bs.n., _c1700-1800] |
||
| 300 |
_a1 h. ; _c21 cm. |
||
| 650 | 4 |
_aRíos- _zEspaña. _9142267 |
|
| 852 |
_aES-MaACL _jB-8924(22) _z.- Legado de Federico de Botella y de Hornos _z.- Encuadernado en un vol. facticio agrupado con el nombre en el lomo: España, geología, memorias y documentos varios 1 a 8 |
||
| 999 |
_c189632 _d189632 |
||